000 00859nam a22002657i 4500
003 URS
005 20220114153043.0
008 161214b xxu||||| |||| 00| 0 eng d
020 _a9789712728419
040 _erda
_cURSP-College Library
_beng
050 _aDS675.8.R5
_b796.323 A18p 2011
100 1 _aOcampo, Ambeth R.
245 _aMeaning & History
_bThe Rizal Lectures
_cAmbeth R. Ocampo
264 1 _aMandaluyong City
_bAnvil Publishing, Incorporated
_c2013.
300 _axxi, 121pages
_c18cm.
336 _atext
_btxt
_2rdacontent
337 _aunmediated
_bn
_2rdamedia
338 _avolume
_bnc
_2rdacarrier
500 _aIncludes bibliography
650 0 _aRizal, Jose Alonso, 1861-1896
650 0 _aRevolutionaries-Philippines-Biography.
650 0 _aPhilippines-History.
650 0 _aPhilippines-Politics and government.
942 _2lcc
_cF
999 _c8087
_d8087